000 00816nam2a22002411 4500
001 rc\2245986
005 20250623004754.0
035 _a(NLR Aleph) 006498186
090 _a6203365
_c6203365
100 _a20110829d1979 |||y0rusy50 ca
101 0 _arus
102 _aRU
105 _ay z |||||
200 1 _aВсе теплые краски земли
_fВершинский, А.Н.
210 _aКрасноярск
_cКн. изд-во
_d1979
215 _a31 с.
461 0 _1001rc\2245984
_12001#$aВстреча$eСтихи$v[2]
_96203349
_cКрасноярск
_d1979
_nКн. изд-во
_oСтихи
_p10 кн. в обертке
_tВстреча
_v[2]
700 1 _aВершинский
_bА.Н.
801 0 _aRU
_bNLR
_gpsbo
801 1 _aRU
_bELAR
_2rusmarc
852 _aNLR
_j80-2/1288
942 _cBOOK
980 _aNB